El paciente inglés / (Registro nro. 10731)

Detalles MARC
000 -LIDER
fixed length control field 00929nam a22003137a 4500
001 - NÚMERO DE CONTROL
Identificador de número de control 000369
003 - IDENTIFICACDOR DE NÚMERO DE CONTROL
control field DO-SdBNP
005 - DATE AND TIME OF LATEST TRANSACTION
control field 20171120110529.0
007 - CAMPOS FIJOS DE DESCRIPCIÓN FÍSICA
fixed length control field 000369
008 - ELEMENTOS DE LONGITUD FIJA
fixed length control field 160706b 1998 sp ||||| |||| 00| 0 spa d
020 ## - ISBN
International Standard Book Number 8447313476
040 ## - FUENTE DE CATALOGACIÓN
Agencia que crea de manera original el registro BPMSU
Idioma de catalogación spa
Agencia que realiza la transcripción BPMSU
082 #4 - NÚMERO DE CLASIFICACIÓN DECIMAL DE DEWEY
Classification number 813.54
Item number O58p
100 1# - ASIENTO PRINCIPAL -- NOMBRE PERSONAL
Nombre personal Ondaatje, Michael,
Fechas asociadas con el nombre 1943-
240 10 - TITULO UNIFORME
Título uniforme The English patient.
Idioma de una obra Español
245 13 - MENCIÓN DE TITULO
Título El paciente inglés /
Mención de responsabilidad Michael Ondaatje ; traducción Carlos Manzano.
260 0# - PUBLICACIÓN, DISTRIBUCIÓN, ETC. (PIE DE IMPRENTA)
Lugar de publicación, distribución, etc Barcelona :
Nombre del editor, distribuidor, etc. RBA,
Fecha de publicación, distribución, etc 1998.
300 ## - DESCRIPCIÓN FÍSICA
Extensión 217 p. ;
Dimensiones 22 cm.
490 1# - MENCIÓN DE SERIES
Mención de serie Grandes éxitos
500 ## - NOTA GENERAL
Nota general Incluye datos biográficos del autor.
650 #4 - ENCABEZAMIENTO DE MATERIA--TEMÁTICO
Término temático o nombre geográfico como elemento de entrada NOVELA INGLESA
650 #4 - ENCABEZAMIENTO DE MATERIA--TEMÁTICO
Término temático o nombre geográfico como elemento de entrada LITERATURA INGLESA
700 12 - ASIENTO SECUNDARIO -- NOMBRE PERSONAL
Nombre personal Carlos Manzano
Mención de responsabilidad trad.
830 #0 - ASIENTO SECUNDARIO DE SERIE--TÍTULO UNIFORME
Nombre de la parte o sección de una obra Grandes éxitos
910 ## - VALIDACIÓN
Validación Validado. Control de calidad MFF
942 ## - ADDED ENTRY ELEMENTS (KOHA)
Source of classification or shelving scheme Dewey Decimal Classification
Koha item type Libros
945 ## - INFORMACIÓN DE PROCESAMIENTO LOCAL
Información de procesamiento local Inventariado, 2017/MFF
956 ## - LOCAL ELECTRONIC LOCATION AND ACCESS (OCLC)
Método de acceso LOPEREZ
Materiales especificados 10
Enlace 20160706
Campo enlazado y núm. de secuencia BPMSU
Nombre de host 00041
Existencias
Withdrawn status Lost status Source of classification or shelving scheme Damaged status Not for loan Collection code Home library Current library Date acquired Source of acquisition Total Checkouts Full call number Barcode Date last seen Price effective from Koha item type
    Dewey Decimal Classification     Colección General Biblioteca Pública Metropolitana Salomé Ureña Biblioteca Pública Metropolitana Salomé Ureña 07/06/2016 Donación   813.54 O58p BPMSU16070166 07/06/2016 07/06/2016 Libros